| 000 | 01349cam a2200385 i 4500 | ||
|---|---|---|---|
| 001 | 5980 | ||
| 003 | FISKH | ||
| 005 | 20250218095111.0 | ||
| 008 | 140702s2015 nyu d 000 1 eng | ||
| 010 | _a 2014022536 | ||
| 020 | _a9780062348678 (hardback) | ||
| 020 |
_a9780141356099 _c$15.00 |
||
| 040 |
_aDLC _beng _cDLC _erda _dDLC |
||
| 050 | _aPZ7.A434 | ||
| 082 | _a813.6 | ||
| 100 | 1 | _aAlbertalli, Becky. | |
| 245 | 1 | 0 |
_aSimon vs. the Homo Sapiens agenda / _cBecky Albertalli. |
| 260 |
_aLondon : _bPenguin, _c2015. |
||
| 300 |
_a303 pages ; _c20 cm |
||
| 500 | _aq | ||
| 520 |
_a"Sixteen-year-old, not-so-openly-gay Simon Spier is blackmailed into playing wingman for his classmate or else his sexual identity--and that of his pen pal--will be revealed"-- _cProvided by publisher. |
||
| 650 | 1 |
_aSecrets _vFiction. |
|
| 650 | 1 |
_aGay people _vFiction. |
|
| 650 | 1 |
_aExtortion _vFiction. |
|
| 650 | 1 |
_aFriendship _vFiction. |
|
| 650 | 1 |
_aPen pals _vFiction. |
|
| 650 | 1 |
_aHigh schools _vFiction. |
|
| 650 | 1 |
_aSchools _vFiction. |
|
| 650 | 7 |
_aJUVENILE FICTION / Social Issues / Homosexuality. _2bisacsh |
|
| 650 | 7 |
_aJUVENILE FICTION / Love & Romance. _2bisacsh |
|
| 650 | 7 |
_aJUVENILE FICTION / Social Issues / Friendship. _2bisacsh |
|
| 906 |
_a7 _bcbc _corignew _d1 _eecip _f20 _gy-gencatlg |
||
| 942 |
_2ddc _cBK _n0 |
||
| 999 |
_c5980 _d5980 |
||